=LDR 00000nam 2200000 4500 =001 NUTBA000000000001098 =005 20141016125524.0 =006 =007 =008 =020 ##$$a 979-3288-10-8 =035 ##$$a 0010-041400000000368 =082 ##$$a 618.923 =090 ##$$a 618.923 Gas g =100 ##$$a Sudaryat Suraatmaja $c Prof.,dr.SpAK. =245 ##$$a Gastroenterologi =250 ##$$a Cet.3 =260 ##$$a Jakarta $b Sagung seto $c 2005 =300 ##$$a x,297 hlm $b ilu $c 22 cm =650 ##$$a Gastroenterologi Anak =850 ##$$a NBPNMAT =990 ##$$a 93524/BPAP-NTB/2014 =990 ##$$a 21194722/BPAP-NTB/2014 =990 ##$$a 0001/BPAP-NTB/20142014